000 00363nam a2200145Ia 4500
008 100122s9999 xx 000 0 und d
082 _b17053
_a821
100 _aयशवंत
245 _aयशोधन
260 _bरविकिरण मंडळ
_c1929
300 _a155
630 _aयशोधन
730 _aयशोधन
942 _cBOOK
999 _c406885
_d406882